| 000 | 01887nam a2200421 c 4500 | ||
|---|---|---|---|
| 001 | 80074 | ||
| 003 | BLK | ||
| 005 | 20240131100640.0 | ||
| 008 | 180408b bul|||||r ||||||| ||bul|| | ||
| 010 | _aKNG00084558000 | ||
| 020 | _a978-954-775-832-2 | ||
| 040 | _aBLK | ||
| 041 |
_aBUL _cBUL |
||
| 080 |
_aБългарска литература _b821.163.2 _x(092) _z821.163.2(092) |
||
| 080 |
_aПолитическо преследване. Терористични действия. Тероризъм - Атентати, политически убийства. Вж и 343.1 ; 343.3/.7 _b323.28 _x(497.2)(091) _z323.28(497.2)(091) |
||
| 080 |
_aБиографии _b929 _x(497.2) _z929(497.2) |
||
| 100 | 1 |
_aТрифонова, Цвета Русева _eпърви автор _9371600 |
|
| 139 |
_aТрифонова, Цвета Русева _bТ 84 |
||
| 245 | 1 | 0 |
_aПисатели и досиета _bПолит.-лит. очерци и док. _cЦвета Русева Трифонова. |
| 250 | _a2. изд. | ||
| 257 | _aBGR | ||
| 260 |
_bФабер _c2007 _aВ. Търново |
||
| 300 |
_a412 с. _bс портр., ил., факс. _c24 см |
||
| 380 | _a82 | ||
| 500 | _a1. изд. 2004. - Библиогр. след всеки раздел и под линия ; Именен показалец | ||
| 650 | 4 |
_aПисатели, български - популярна литература _9241948 |
|
| 650 | 4 |
_aПолитически репресии - България - история _9272347 |
|
| 653 | _aбългарски писатели | ||
| 653 | _aполитически репресии | ||
| 653 | _aсекретни документи | ||
| 852 | _aЦб 240602 | ||
| 856 | 4 | _qpdf | |
| 856 | 4 | _qpdf | |
| 942 |
_cKNG _n0 _01 |
||
| 944 |
_aCR _c21.07.2008 _k30545 _lНора Радева |
||
| 944 |
_aED _c18.02.2009 |
||
| 999 |
_c80074 _d80074 |
||
| 999 | _d80074 | ||